000
00254nam a2200097Ia 4500
008
210107s9999 xx 000 0 und d
100
_a
Tim Pyron et al.
245
0
_a
Sams Tech Yourself Microsoft project 98
260
_a
New Delhi
_b
Techmedia
942
_c
BK
999
_c
11631
_d
11631